Statystyki dla Złota Piłka

Kliknij tutaj aby rozwiązać quiz!

Ogólne statystyki

  • Ten quiz został rozwiązany 342 razy
  • Średni wynik to 25 z 50

Statystyki odpowiedzi

RokPiłkarz% Poprawnych
2011Messi
98%
2019Messi
98%
2009Messi
98%
2015Messi
98%
2010Messi
98%
2012Messi
98%
2013Ronaldo
98%
2008Ronaldo
98%
2017Ronaldo
98%
2016Ronaldo
98%
2014Ronaldo
98%
2022Benzema
91%
2021Lewandowski
91%
*2020Lewandowski
91%
2018Modrić
89%
2005Ronaldinho
75%
2007Kaka
74%
2006Cannavaro
55%
1998Zidane
55%
1997Ronaldo Nazario
54%
2002Ronaldo Nazario
54%
2000Figo
42%
1999Rivaldo
39%
1974Cruyff
37%
1973Cruyff
37%
2001Owen
37%
1989Van Basten
36%
1992Van Basten
36%
1988Van Basten
36%
1976Beckenbauer
33%
1987Gullit
29%
1983Platini
29%
1984Platini
29%
1985Platini
29%
1995Weah
25%
2004Shevchenko
24%
1990Matthaus
22%
1993Baggio
21%
1991Papin
16%
1996Sammer
15%
1994Stoichkov
13%
1982Rossi
10%
1979Keegan
9%
1978Keegan
9%
2003Medved
8%
1981Rummenigge
6%
1980Rummenigge
6%
1975Blojin
4%
1977Simonsen
4%
1986Belanov
2%

Rozkład punktacji

Percentyl według liczby udzielonych odpowiedzi

Procent ludzi z każdym wynikiem

Twoja historia wyników

Nie rozwiązałeś tego quizu